000 01692nam0a2200337 4500
001 RU\NLR\bibl\26260
005 20250615020848.0
010 _a5-87472-137-1
_95000
021 _aRU
_b99-11473
_9551
035 _a(NLR Aleph) 000025585
090 _a123291
_c123291
100 _a19990511d1999 |||y0rusy50 ca
101 0 _arus
102 _aRU
105 _a|||||||||||||
200 1 _a"Мариинка" и моя жизнь. (Воспоминания дирижера)
_fЮ.В. Гамалей
210 _aСПб.
_cПапирус
_d1999
215 _a423 с., [16] л. ил., портр.
_cил., портр.
_d22
600 1 _aГамалей
_bЮ.В.
_f1921 - 2015
_gЮрий Всеволодович
_jВоспоминания, записки и т.п.
_92086131
_3RU\NLR\auth\661262261
601 0 2 _aТеатр оперы и балета им. С.М.Кирова
_cЛенинград, город
_jВоспоминания, записки и т.п.
_9996465
_3RU\NLR\auth\66377206
601 0 2 _aЛенинградский театр оперы и балета им. С.М. Кирова
_jВоспоминания, записки и т.п.
_92336290
_3RU\NLR\auth\661396768
601 0 2 _aЛенинградский театр оперы и балета им. С.М. Кирова
_2psbo
686 _aЩ335.413(2Р=Рус)7-692 Петербург 8 Мариинский т-р
686 _aЩ313(2Р=Рус)7-83 Гамалей
700 1 _aГамалей
_bЮ. В.
_gЮрий Всеволодович
_4070
801 0 _aRU
_bNLR
_c19990511
_gPSBO
801 1 _aRU
_bNLR
_c19990511
852 _aNLR
_j99-5/837
942 _cBOOK
980 _aNB